ბათუმის შოთა რუსთაველის სახელმწიფო უნივერსიტეტის ბიბლიოთეკა

Овощеводство открытого грунта (ბიბ.ჩანაწერი № 45812)

000 -LEADER
fixed length control field 00606nam a2200205Ia 4500
001 - CONTROL NUMBER
control field 12641
003 - CONTROL NUMBER IDENTIFIER
control field GE_BSU
008 - FIXED-LENGTH DATA ELEMENTS--GENERAL INFORMATION
fixed length control field 181216s||||||||xx |||||||||||||| ||und||
040 ## - CATALOGING SOURCE
Transcribing agency GE_BSU
080 ## - UNIVERSAL DECIMAL CLASSIFICATION NUMBER
Universal Decimal Classification number 635.032/034
100 ## - MAIN ENTRY--PERSONAL NAME
Personal name Алексашин.В.И. Андреева,Р.А. Антонов,Ю.
245 ## - TITLE STATEMENT
Title Овощеводство открытого грунта
245 ## - TITLE STATEMENT
Statement of responsibility, etc. Под.ред.В.Ф.Белика
260 ## - PUBLICATION, DISTRIBUTION, ETC.
Place of publication, distribution, etc. Москва
260 ## - PUBLICATION, DISTRIBUTION, ETC.
Name of publisher, distributor, etc. Колос
260 ## - PUBLICATION, DISTRIBUTION, ETC.
Date of publication, distribution, etc. 1984
300 ## - PHYSICAL DESCRIPTION
Extent 335стр.22см.
653 ## - INDEX TERM--UNCONTROLLED
Uncontrolled term Овощеводство открытого грунта
942 ## - ADDED ENTRY ELEMENTS (KOHA)
Koha item type წიგნი
ეგზემპლარები
Withdrawn status Lost status Damaged status Not for loan Date acquired Barcode Date last seen Price effective from Koha item type
        2018-12-17 20546 2018-12-17 2018-12-17 წიგნი